| 000 | 00338cam a22001217a 4500 | ||
|---|---|---|---|
| 008 | 180718b1955 xxu||||| |||| 00| 0 eng d | ||
| 082 | _aT000x47 Y48 | ||
| 100 | _aYevenko, I. | ||
| 245 |
_aPlanning in the U.S.S.R. _cby I. Yevenko |
||
| 260 |
_aMoscow _bForeign Language _c1955 |
||
| 300 | _a249p. | ||
| 650 | _aRussia --Economic policy --1959 | ||
| 999 |
_c430451 _d430451 |
||